Moleskine: apuntes y reflexiones

Enregistré dans:
Détails bibliographiques
Auteur principal: Sepúlveda, Luis (Auteur)
Format: Livre
Langue:espagnol
Publié: Santiago B 2004
Édition:1a. ed
Collection:Ficcionario
Sujets:
Tags: Ajouter un tag
Pas de tags, Soyez le premier à ajouter un tag!

MARC

LEADER 00000nam a2200000 a 4500
001 UCK2079
003 CL-VaPUC
008 041217e20040000CL |||||||||||||||||spa|d
020 |a 9567510989 
082 0 4 |a Ch863  |b SEP  |2 21 
100 0 |a Sepúlveda, Luis  |e author  |9 489905 
245 1 0 |a Moleskine: apuntes y reflexiones 
250 |a 1a. ed 
300 |a 268 p 
942 |c BK 
945 |d 20041217 00:00:00  |a cmena 
260 |a Santiago  |b B  |c 2004 
650 0 |a Novelas chilenas   |9 265425 
650 0 |a Literatura chilena   |9 308278 
650 0 |a Relatos chilenos  |9 321121 
583 |a last modification  |c 20041217 00:00:00  |k Rodrigo Vera 
490 0 |a Ficcionario 
999 |c 311739  |d 311737